[Event "NB II. Toth Laszlo csoport"]
[Site "Mako"]
[Date "2024.03.10"]
[Round "6.10"]
[White "Kopias, Ferenc"]
[Black "Torok, Borbala"]
[Result "0-1"]
[WhiteElo "1786"]
[BlackElo "1840"]
[PlyCount "134"]
[EventDate "2023.10.08"]
[EventType "team-tourn"]
[EventRounds "9"]
[EventCountry "HUN"]
[Source "chess.hu"]
[WhiteTeam "Duocor-Makoi SVSE II"]
[BlackTeam "TAKISZ SE"]
[WhiteTeamCountry "HUN"]
[BlackTeamCountry "HUN"]

1. d4 Nf6 2. Nc3 d5 3. Bg5 e6 4. f3 h6 5. Bh4 Be7 6. Bg3 c6 7. e4 Bb4 8. e5 Nh5
9. Bf2 Nf4 10. g3 Ng6 11. Nge2 Nd7 12. Qd3 a6 13. f4 Nb6 14. a3 Be7 15. b3 Bd7
16. Bh3 Qc8 17. O-O h5 18. Be3 c5 19. dxc5 Bxc5 20. Nd4 Qc7 21. Kg2 Rc8 22.
Nce2 Bxd4 23. Nxd4 Qc3 24. Rad1 Qxd3 25. Rxd3 O-O 26. Rc1 Na8 27. Nf3 Bc6 28.
Bd4 Nc7 29. f5 Ne7 30. Ng5 Nxf5 31. Bc5 Rfe8 32. Rf1 Bb5 33. c4 dxc4 34. Rc3
cxb3 35. Rf2 Bc6+ 36. Kg1 g6 37. Rxb3 Red8 38. Rf1 Rd2 39. Nf3 Rc2 40. Bb6 Nd5
41. Bf2 b5 42. Ne1 Rc3 43. Rxc3 Nxc3 44. Bg2 Bxg2 45. Kxg2 Nb1 46. a4 Nc3 47.
axb5 axb5 48. Nd3 Rd8 49. Nb4 Rd2 50. Kf3 Rb2 51. Nd3 Rb3 52. Ra1 Nd5 53. Ke2
b4 54. h3 Nc3+ 55. Kf3 Nd5 56. Ke4 Rc3 57. g4 hxg4 58. hxg4 Rc4+ 59. Kf3 Nd4+
60. Kg2 Nc2 61. Ra8+ Kg7 62. Kf3 b3 63. Bc5 Ncb4 64. Bf8+ Kh7 65. Bxb4 Nxb4 66.
Nf4 b2 67. Ra7 b1=Q 0-1

[Event "NB II. Toth Laszlo csoport"]
[Site "Mako"]
[Date "2024.03.10"]
[Round "6.11"]
[White "Eros, Viktor"]
[Black "Gyori, Balint"]
[Result "0-1"]
[WhiteElo "1437"]
[BlackElo "1726"]
[PlyCount "52"]
[EventDate "2023.10.08"]
[EventType "team-tourn"]
[EventRounds "9"]
[EventCountry "HUN"]
[Source "chess.hu"]
[WhiteTeam "TAKISZ SE"]
[BlackTeam "Duocor-Makoi SVSE II"]
[WhiteTeamCountry "HUN"]
[BlackTeamCountry "HUN"]

1. e4 e5 2. Nc3 Nf6 3. Nf3 Nc6 4. Bc4 Bc5 5. O-O d6 6. Ng5 O-O 7. d3 h6 8. Nf3
Bg4 9. h3 Bxf3 10. Qxf3 Nd4 11. Qe3 Nxc2 12. Qe2 Nxa1 13. Nd5 Nxd5 14. Bxd5 c6
15. Bc4 b5 16. Bb3 Nxb3 17. axb3 Qe7 18. Bd2 Qe6 19. b4 Bb6 20. Rc1 c5 21. bxc5
Bxc5 22. b4 Bb6 23. Rc6 Rac8 24. Rxc8 Rxc8 25. Qe1 Rc2 26. Bc3 Bxf2+ 0-1

[Event "NB II. Toth Laszlo csoport"]
[Site "Kecskemet"]
[Date "2024.03.10"]
[Round "6.1"]
[White "Tapodi, Norman Lajos"]
[Black "Abel, Lajos"]
[Result "0-1"]
[WhiteElo "2101"]
[BlackElo "2183"]
[PlyCount "86"]
[EventDate "2023.10.08"]
[EventType "team-tourn"]
[EventRounds "9"]
[EventCountry "HUN"]
[Source "chess.hu"]
[WhiteTeam "Meritum Egyesulet"]
[BlackTeam "Neumann J. Egyetem"]
[WhiteTeamCountry "HUN"]
[BlackTeamCountry "HUN"]

1. d4 Nf6 2. c4 c5 3. d5 b5 4. cxb5 a6 5. bxa6 g6 6. Nc3 Bxa6 7. e4 Bxf1 8.
Kxf1 d6 9. g3 Bg7 10. Nf3 O-O 11. Kg2 Nbd7 12. h3 Qa5 13. a4 Rfb8 14. Qc2 Ne8
15. Bd2 Nc7 16. b3 Na6 17. Na2 Qd8 18. Rab1 Rb7 19. g4 Nf8 20. Bc3 Bxc3 21.
Nxc3 Rab8 22. Rhd1 f6 23. Nb5 g5 24. e5 Ng6 25. e6 Nc7 26. Nc3 Rb4 27. Kh2 Qf8
28. Nd2 Nf4 29. Nc4 Qh6 30. Rd3 Qg6 31. Rd2 Qh6 32. Rd3 Nxd3 33. Qxd3 Rxb3 34.
Rxb3 Rxb3 35. Qc2 Rb4 36. Na2 Rb7 37. Nc3 Qg6 38. Qxg6+ hxg6 39. Na5 Rb2 40.
Nc6 Kf8 41. Kg1 Rb3 42. Nb5 Nxb5 43. axb5 Rxb5 0-1

[Event "NB II. Toth Laszlo csoport"]
[Site "Kecskemet"]
[Date "2024.03.10"]
[Round "6.2"]
[White "Szekeres, Janos"]
[Black "Retkes, Peter"]
[Result "1/2-1/2"]
[WhiteElo "1948"]
[BlackElo "2103"]
[PlyCount "44"]
[EventDate "2023.10.08"]
[EventType "team-tourn"]
[EventRounds "9"]
[EventCountry "HUN"]
[Source "chess.hu"]
[WhiteTeam "Neumann J. Egyetem"]
[BlackTeam "Meritum Egyesulet"]
[WhiteTeamCountry "HUN"]
[BlackTeamCountry "HUN"]

1. d4 Nf6 2. c4 e6 3. Nc3 Bb4 4. Qb3 c5 5. dxc5 Nc6 6. Bg5 h6 7. Bxf6 Qxf6 8.
Nf3 Bxc3+ 9. Qxc3 Qxc3+ 10. bxc3 b6 11. cxb6 axb6 12. e4 Ra4 13. Bd3 Ba6 14.
Ke2 Bxc4 15. Bxc4 Rxc4 16. Kd3 Ra4 17. Nd2 Ke7 18. Rhb1 Ra6 19. Nc4 Rb8 20. a4
b5 21. axb5 Rxa1 22. Rxa1 Rxb5 1/2-1/2

[Event "NB II. Toth Laszlo csoport"]
[Site "Kecskemet"]
[Date "2024.03.10"]
[Round "6.3"]
[White "Varga, Gabor"]
[Black "Andriska, Zsolt"]
[Result "1-0"]
[WhiteElo "1959"]
[BlackElo "2044"]
[PlyCount "139"]
[EventDate "2023.10.08"]
[EventType "team-tourn"]
[EventRounds "9"]
[EventCountry "HUN"]
[Source "chess.hu"]
[WhiteTeam "Meritum Egyesulet"]
[BlackTeam "Neumann J. Egyetem"]
[WhiteTeamCountry "HUN"]
[BlackTeamCountry "HUN"]

1. e4 d5 2. exd5 Qxd5 3. Nc3 Qd8 4. d4 Nf6 5. h3 c6 6. Nf3 Bf5 7. Bd3 Bxd3 8.
Qxd3 e6 9. O-O Be7 10. Bf4 Nbd7 11. a3 O-O 12. Rfe1 Qb6 13. b4 a5 14. b5 Nd5
15. Nxd5 cxd5 16. a4 Rac8 17. c3 Bd6 18. Ng5 g6 19. Bd2 Qc7 20. g3 Nb6 21. h4
Qe7 22. h5 Qf6 23. Nf3 Qf5 24. Qxf5 gxf5 25. Ra2 Rc4 26. Rea1 f6 27. Nh4 Kf7
28. Kf1 Rg8 29. Ng2 Rcc8 30. Ke2 e5 31. Ne3 Ke6 32. Rc1 Nc4 33. Nxc4 Rxc4 34.
Kd3 Rg4 35. Be3 e4+ 36. Kc2 f4 37. gxf4 Bxf4 38. Kb3 Kf5 39. Rh1 Rg2 40. Raa1
Rc8 41. Rac1 Bxe3 42. fxe3 Re2 43. Rhg1 Rxe3 44. Rg7 Rh3 45. Rxh7 b6 46. Rd7
Ke6 47. Rb7 Rxh5 48. Rxb6+ Kf7 49. Rf1 Rh3 50. Rbxf6+ Kg7 51. Rc6 Re8 52. Rc5
Rh5 53. b6 Rb8 54. Rxa5 Rxb6+ 55. Rb5 Ra6 56. Kb4 Rc6 57. Re1 Rc4+ 58. Kb3 Rh3
59. Rc1 Rxd4 60. a5 Rdd3 61. Kb4 Rh8 62. a6 e3 63. a7 Ra8 64. Ra1 e2 65. Rb7+
Kf6 66. Rb8 Rd1 67. Ra6+ Ke5 68. Rxa8 Rb1+ 69. Kc5 Kf4 70. Re8 1-0

[Event "NB II. Toth Laszlo csoport"]
[Site "Kecskemet"]
[Date "2024.03.10"]
[Round "6.4"]
[White "Lovas, Daniel Dr"]
[Black "Retkes, Sandor"]
[Result "1-0"]
[WhiteElo "2002"]
[BlackElo "1974"]
[PlyCount "111"]
[EventDate "2023.10.08"]
[EventType "team-tourn"]
[EventRounds "9"]
[EventCountry "HUN"]
[Source "chess.hu"]
[WhiteTeam "Neumann J. Egyetem"]
[BlackTeam "Meritum Egyesulet"]
[WhiteTeamCountry "HUN"]
[BlackTeamCountry "HUN"]

1. c4 d6 2. Nc3 c6 3. Nf3 e5 4. g3 Bg4 5. Bg2 Nf6 6. d3 Nbd7 7. h3 Bh5 8. O-O
Be7 9. a3 a5 10. Rb1 O-O 11. b4 Qc8 12. Kh2 Re8 13. Re1 Bf8 14. Qb3 axb4 15.
axb4 Qc7 16. Bd2 Qb6 17. Be3 Qc7 18. Ra1 b6 19. Rxa8 Rxa8 20. Ng1 Ra7 21. Qb2
Nb8 22. Ra1 Nfd7 23. Ra3 f5 24. Nf3 Be7 25. b5 Rxa3 26. Qxa3 Nf8 27. bxc6 Nxc6
28. Nd5 Qd7 29. Nxb6 Qe6 30. Ng5 d5 31. Bxd5 Bxa3 32. Nxe6 Ne7 33. Nxf8+ Nxd5
34. Nxd5 Kxf8 35. f3 Bf7 36. Nb6 Ke8 37. Kg2 Kd8 38. Kf1 Kc7 39. Na4 Kc6 40.
Nc3 Bb4 41. Nb1 h6 42. Bd2 Bd6 43. Be1 Be6 44. h4 Bc5 45. Bc3 Bd6 46. Nd2 g6
47. Kg2 Bc7 48. e3 g5 49. hxg5 hxg5 50. d4 exd4 51. exd4 Bc8 52. Bb4 Bb7 53.
Nb3 Bb6 54. Ba5 Ba7 55. Bd8 g4 56. Na5+ 1-0

[Event "NB II. Toth Laszlo csoport"]
[Site "Kecskemet"]
[Date "2024.03.10"]
[Round "6.5"]
[White "Berczi, Peter"]
[Black "Kovacs, Gabor"]
[Result "1-0"]
[WhiteElo "1981"]
[BlackElo "1990"]
[PlyCount "95"]
[EventDate "2023.10.08"]
[EventType "team-tourn"]
[EventRounds "9"]
[EventCountry "HUN"]
[Source "chess.hu"]
[WhiteTeam "Meritum Egyesulet"]
[BlackTeam "Neumann J. Egyetem"]
[WhiteTeamCountry "HUN"]
[BlackTeamCountry "HUN"]

1. g3 Nf6 2. Bg2 d5 3. Nf3 g6 4. b3 Bg7 5. Bb2 O-O 6. c4 c6 7. O-O Bf5 8. d3
Nbd7 9. Nbd2 Qb6 10. Rc1 Rac8 11. Rc2 Rfe8 12. Qa1 Nh5 13. Bxg7 Nxg7 14. Rfc1
Nf6 15. h3 h6 16. Nf1 Be6 17. Qe5 dxc4 18. bxc4 Nf5 19. g4 Nd7 20. Qf4 g5 21.
Qd2 Nd4 22. Rb2 Nxf3+ 23. Bxf3 Qc7 24. Ng3 Nf6 25. a4 Rb8 26. a5 Red8 27. Kg2
b6 28. Qc3 c5 29. Rcb1 bxa5 30. Rxb8 Rxb8 31. Rxb8+ Qxb8 32. Qxa5 Qb6 33. Qxb6
axb6 34. Bc6 Kg7 35. e3 Kg6 36. f4 Bd7 37. f5+ Kg7 38. Bxd7 Nxd7 39. d4 f6 40.
Kf3 Kf7 41. Ke4 cxd4 42. exd4 e6 43. fxe6+ Kxe6 44. Nf5 Nf8 45. Nxh6 Ng6 46.
Nf5 Kd7 47. Ne3 Nf4 48. h4 1-0

[Event "NB II. Toth Laszlo csoport"]
[Site "Kecskemet"]
[Date "2024.03.10"]
[Round "6.7"]
[White "Vadkerti, Vince"]
[Black "Bagi, Lajos"]
[Result "1-0"]
[WhiteElo "1884"]
[BlackElo "1831"]
[PlyCount "51"]
[EventDate "2023.10.08"]
[EventType "team-tourn"]
[EventRounds "9"]
[EventCountry "HUN"]
[Source "chess.hu"]
[WhiteTeam "Meritum Egyesulet"]
[BlackTeam "Neumann J. Egyetem"]
[WhiteTeamCountry "HUN"]
[BlackTeamCountry "HUN"]

1. e4 e5 2. Nf3 Nc6 3. Nc3 Nf6 4. a3 Bc5 5. Nxe5 Nxe5 6. d4 Bd6 7. f4 Nc6 8. e5
Qe7 9. Be2 O-O 10. Be3 Ne8 11. O-O Bxe5 12. fxe5 d6 13. Nd5 Qd8 14. exd6 Qxd6
15. c4 f5 16. Bf4 Qd8 17. Qd2 Be6 18. Bf3 Ne7 19. Nxe7+ Qxe7 20. Rfe1 Nf6 21.
d5 Ne4 22. Bxe4 fxe4 23. Rxe4 Qf6 24. dxe6 Rae8 25. Rae1 Re7 26. Bg5 1-0

[Event "NB II. Toth Laszlo csoport"]
[Site "Kecskemet"]
[Date "2024.03.10"]
[Round "6.8"]
[White "Bodo, Tibor"]
[Black "Farkas, Sandor"]
[Result "1-0"]
[WhiteElo "1765"]
[BlackElo "1944"]
[PlyCount "135"]
[EventDate "2023.10.08"]
[EventType "team-tourn"]
[EventRounds "9"]
[EventCountry "HUN"]
[Source "chess.hu"]
[WhiteTeam "Neumann J. Egyetem"]
[BlackTeam "Meritum Egyesulet"]
[WhiteTeamCountry "HUN"]
[BlackTeamCountry "HUN"]

1. d4 e6 2. Nf3 b6 3. e3 Bb7 4. Bd3 f5 5. b3 Nf6 6. Bb2 Be7 7. Nbd2 O-O 8. Qe2
c5 9. O-O-O a6 10. Rhg1 Nc6 11. dxc5 Bxc5 12. c3 Qe7 13. h3 Ba3 14. g4 Nd5 15.
gxf5 Bxb2+ 16. Kxb2 exf5 17. Nd4 Qf6 18. Rc1 Nxd4 19. cxd4 b5 20. a3 Rfe8 21.
Qh5 Ne7 22. Nf3 g6 23. Qh4 Qxh4 24. Nxh4 Kf7 25. Ng2 Rac8 26. Nf4 Rxc1 27. Kxc1
h6 28. h4 Rg8 29. Kd2 g5 30. hxg5 hxg5 31. Ne2 Kf6 32. Nc3 Rh8 33. Nd1 Bd5 34.
Bc2 Rh2 35. Ke2 g4 36. Nc3 Bf3+ 37. Ke1 Kg5 38. Ne2 Nd5 39. Bd3 b4 40. axb4
Nxb4 41. Bb1 Rh8 42. Nf4 Rc8 43. Kd2 Rh8 44. Nd3 Nc6 45. Nc5 Rh2 46. Ke1 f4 47.
Ne4+ Kh4 48. exf4 Nxd4 49. Nd2 Bd5 50. Bd3 a5 51. Be2 Be6 52. Nf1 Rh3 53. Ne3
Nf3+ 54. Bxf3 gxf3 55. Kd2 Kh5 56. Rg5+ Kh6 57. Rxa5 Rh2 58. Ke1 Rh1+ 59. Kd2
Rb1 60. Rb5 Rb2+ 61. Nc2 Kg6 62. Kc3 Ra2 63. b4 Kf6 64. Re5 d6 65. Ra5 Rxa5 66.
bxa5 Bd5 67. a6 Kf5 68. Ne3+ 1-0

[Event "NB II. Toth Laszlo csoport"]
[Site "Kecskemet"]
[Date "2024.03.10"]
[Round "6.9"]
[White "Havasi, Mate Pal"]
[Black "Szabo, Balazs"]
[Result "1-0"]
[WhiteElo "1791"]
[BlackElo "1773"]
[PlyCount "105"]
[EventDate "2023.10.08"]
[EventType "team-tourn"]
[EventRounds "9"]
[EventCountry "HUN"]
[Source "chess.hu"]
[WhiteTeam "Meritum Egyesulet"]
[BlackTeam "Neumann J. Egyetem"]
[WhiteTeamCountry "HUN"]
[BlackTeamCountry "HUN"]

1. Nf3 d5 2. c4 d4 3. g3 c5 4. Bg2 Nc6 5. d3 Nf6 6. O-O g6 7. Bg5 Bg7 8. Bxf6
Bxf6 9. Nbd2 O-O 10. Ne4 b6 11. Nxf6+ exf6 12. Nxd4 Qxd4 13. Bxc6 Rb8 14. Qc2
Be6 15. a3 h5 16. Qc3 Qd6 17. Bg2 Bd7 18. Rad1 Bc6 19. d4 Bxg2 20. Kxg2 cxd4
21. Qxd4 Qe7 22. e3 Rbc8 23. Qd7 Qe4+ 24. Kg1 Rxc4 25. Qxa7 Qe6 26. Qd7 Qe5 27.
Qd5 Qc7 28. Qd6 Qc6 29. Qxc6 Rxc6 30. Rd4 Rfc8 31. Rb4 Kf8 32. Rd1 Rc1 33. Rxc1
Rxc1+ 34. Kg2 Rc6 35. Kf3 Ke7 36. Ke4 Kd6 37. Kd3 Kd5 38. b3 f5 39. Rd4+ Ke5
40. a4 f6 41. Rd8 Rd6+ 42. Rxd6 Kxd6 43. Kd4 Kc6 44. b4 Kd6 45. a5 b5 46. a6
Kc6 47. a7 Kb7 48. Kd5 g5 49. Ke6 f4 50. exf4 gxf4 51. gxf4 Kxa7 52. Kxf6 Kb6
53. Ke6 1-0

[Event "NB II. Toth Laszlo csoport"]
[Site "Kecskemet"]
[Date "2024.03.10"]
[Round "6.10"]
[White "Egyed, Endre"]
[Black "Havasi, Huba Laszlo"]
[Result "1-0"]
[WhiteElo "1690"]
[BlackElo "1789"]
[PlyCount "55"]
[EventDate "2023.10.08"]
[EventType "team-tourn"]
[EventRounds "9"]
[EventCountry "HUN"]
[Source "chess.hu"]
[WhiteTeam "Neumann J. Egyetem"]
[BlackTeam "Meritum Egyesulet"]
[WhiteTeamCountry "HUN"]
[BlackTeamCountry "HUN"]

1. e4 e6 2. Nf3 d5 3. Nc3 c5 4. exd5 exd5 5. d4 Nf6 6. Bb5+ Nc6 7. Bg5 Be6 8.
O-O a6 9. Bxc6+ bxc6 10. Re1 Bd6 11. dxc5 Bxc5 12. Nd4 Bxd4 13. Qxd4 O-O 14.
Na4 Bf5 15. Rac1 h6 16. Bh4 g5 17. Bg3 Ne4 18. Be5 f6 19. Bg3 Nxg3 20. hxg3 Kg7
21. g4 Bg6 22. Nc5 Bf7 23. Re6 Bg8 24. Rxc6 Qe7 25. Nxa6 Qb7 26. Rc7+ Rf7 27.
Rxb7 Rxb7 28. Nc5 1-0

[Event "NB II. Toth Laszlo csoport"]
[Site "Kecskemet"]
[Date "2024.03.10"]
[Round "6.11"]
[White "Bodicsi, Barna"]
[Black "Bakos, Adam Tamas"]
[Result "1-0"]
[WhiteElo "1761"]
[BlackElo "1639"]
[PlyCount "53"]
[EventDate "2023.10.08"]
[EventType "team-tourn"]
[EventRounds "9"]
[EventCountry "HUN"]
[Source "chess.hu"]
[WhiteTeam "Meritum Egyesulet"]
[BlackTeam "Neumann J. Egyetem"]
[WhiteTeamCountry "HUN"]
[BlackTeamCountry "HUN"]

1. e4 d6 2. Nc3 Nf6 3. d4 g6 4. Be3 Bg7 5. Qd2 O-O 6. O-O-O b6 7. Be2 Bb7 8.
Bf3 Nc6 9. h4 h5 10. Nh3 Na5 11. Qe2 Qc8 12. Rdg1 Ng4 13. Bxg4 hxg4 14. Nf4 e5
15. Nfd5 Re8 16. dxe5 Bxe5 17. h5 Ba6 18. Qd1 Nc4 19. Bg5 Kg7 20. hxg6 fxg6 21.
f4 Bxc3 22. bxc3 Rxe4 23. Bf6+ Kf7 24. Rh7+ Ke6 25. f5+ Kxf5 26. Rf1+ Ke6 27.
Re7# 1-0

[Event "NB II. Toth Laszlo csoport"]
[Site "Bekesszentandras"]
[Date "2024.03.10"]
[Round "6.1"]
[White "Kemeny, Csaba"]
[Black "Fabian Nagy, Sandor"]
[Result "1/2-1/2"]
[WhiteElo "2054"]
[BlackElo "1966"]
[PlyCount "126"]
[EventDate "2023.10.08"]
[EventType "team-tourn"]
[EventRounds "9"]
[EventCountry "HUN"]
[Source "chess.hu"]
[WhiteTeam "Felegyhaza-Csongrad"]
[BlackTeam "Bekesszentandras-KuTE"]
[WhiteTeamCountry "HUN"]
[BlackTeamCountry "HUN"]

1. d4 d5 2. f4 Bf5 3. Nf3 Nf6 4. e3 e6 5. Bd3 Bxd3 6. Qxd3 Nc6 7. a3 Bd6 8.
Nbd2 O-O 9. O-O Qe7 10. Ne5 Bxe5 11. fxe5 Nd7 12. e4 dxe4 13. Nxe4 f6 14. exf6
Nxf6 15. Bg5 Rad8 16. Nxf6+ gxf6 17. Bh6 Rf7 18. c3 Kh8 19. Rae1 f5 20. Qe3 Re8
21. Kh1 Qd6 22. Bf4 Qd5 23. Rf2 Rg7 24. Qf3 Qd7 25. Rfe2 Ree7 26. Re3 Rg6 27.
R1e2 b5 28. Kg1 a5 29. Qf2 Qd5 30. Be5+ Kg8 31. Qh4 Qc4 32. Qe1 b4 33. axb4
axb4 34. Qa1 Re8 35. Qa4 Rb8 36. Bxc7 Nxd4 37. cxd4 Qxc7 38. Rxe6 Rxe6 39. Rxe6
Qc1+ 40. Kf2 Qxb2+ 41. Kf3 Qxd4 42. Re8+ Kf7 43. Rxb8 Qe4+ 44. Kf2 Qf4+ 45. Kg1
Qxb8 46. Qd7+ Kg6 47. Qe6+ Kg7 48. Qe7+ Kg6 49. Qe6+ Kg5 50. Qe7+ Kf4 51. Qh4+
Ke3 52. Qe1+ Kd4 53. Qf2+ Kc4 54. Qc2+ Kd5 55. Qd3+ Ke6 56. Qc4+ Ke5 57. Qc5+
Kf6 58. Qd4+ Kg6 59. g4 fxg4 60. Qxg4+ Kf6 61. Qh4+ Kg6 62. Qg4+ Kf6 63. Qh4+
Kg6 1/2-1/2

[Event "NB II. Toth Laszlo csoport"]
[Site "Bekesszentandras"]
[Date "2024.03.10"]
[Round "6.2"]
[White "Puskas, Mihaly"]
[Black "Nagy, Jozsef"]
[Result "1/2-1/2"]
[WhiteElo "1978"]
[BlackElo "1906"]
[PlyCount "44"]
[EventDate "2023.10.08"]
[EventType "team-tourn"]
[EventRounds "9"]
[EventCountry "HUN"]
[Source "chess.hu"]
[WhiteTeam "Bekesszentandras-KuTE"]
[BlackTeam "Felegyhaza-Csongrad"]
[WhiteTeamCountry "HUN"]
[BlackTeamCountry "HUN"]

1. d4 Nf6 2. c4 c5 3. d5 e6 4. Nc3 exd5 5. cxd5 d6 6. e4 g6 7. Bd3 Bg7 8. h3
O-O 9. Nf3 Re8 10. O-O a6 11. a4 Nbd7 12. Bf4 Qc7 13. Re1 Nh5 14. Bh2 Ne5 15.
Be2 Nxf3+ 16. Bxf3 Nf6 17. Qd2 Nd7 18. Nd1 Ne5 19. Be2 f6 20. Ne3 Bd7 21. f4
Nf7 22. Bf3 b5 1/2-1/2

[Event "NB II. Toth Laszlo csoport"]
[Site "Bekesszentandras"]
[Date "2024.03.10"]
[Round "6.3"]
[White "Szekeres, Sebestyen"]
[Black "Hajdu, Istvan"]
[Result "1/2-1/2"]
[WhiteElo "1963"]
[BlackElo "1860"]
[PlyCount "40"]
[EventDate "2023.10.08"]
[EventType "team-tourn"]
[EventRounds "9"]
[EventCountry "HUN"]
[Source "chess.hu"]
[WhiteTeam "Felegyhaza-Csongrad"]
[BlackTeam "Bekesszentandras-KuTE"]
[WhiteTeamCountry "HUN"]
[BlackTeamCountry "HUN"]

1. d4 d5 2. Nf3 Nf6 3. e3 Bf5 4. Ne5 e6 5. Nd2 Bd6 6. Ndf3 Nbd7 7. h3 c6 8. a3
h6 9. Nd3 Qc7 10. b3 Ne4 11. Bb2 O-O 12. Rc1 Rac8 13. Be2 c5 14. dxc5 Ndxc5 15.
O-O Qe7 16. a4 Rfd8 17. Nd4 Bh7 18. Bf3 a6 19. Nxc5 Bxc5 20. c3 Bd6 1/2-1/2

[Event "NB II. Toth Laszlo csoport"]
[Site "Bekesszentandras"]
[Date "2024.03.10"]
[Round "6.4"]
[White "Brhlik, Gyorgy"]
[Black "Kelemen, Sandor"]
[Result "1-0"]
[WhiteElo "1921"]
[BlackElo "1941"]
[PlyCount "47"]
[EventDate "2023.10.08"]
[EventType "team-tourn"]
[EventRounds "9"]
[EventCountry "HUN"]
[Source "chess.hu"]
[WhiteTeam "Bekesszentandras-KuTE"]
[BlackTeam "Felegyhaza-Csongrad"]
[WhiteTeamCountry "HUN"]
[BlackTeamCountry "HUN"]

1. d4 Nf6 2. Nf3 g6 3. Bf4 c5 4. e3 cxd4 5. exd4 Bg7 6. c4 Qb6 7. Qb3 Qxb3 8.
axb3 d6 9. Nc3 a6 10. Be2 O-O 11. O-O Nfd7 12. Be3 Nc6 13. Rfd1 f5 14. Nd5 Rb8
15. Ng5 Nf6 16. Nc7 Nd8 17. d5 h6 18. Ba7 hxg5 19. Bxb8 Nd7 20. Ba7 Bxb2 21.
Ra2 Bf6 22. Bd4 Kg7 23. b4 Rf7 24. Ne6+ 1-0

[Event "NB II. Toth Laszlo csoport"]
[Site "Bekesszentandras"]
[Date "2024.03.10"]
[Round "6.5"]
[White "Seres, Laszlo"]
[Black "Bogar, Attila"]
[Result "1/2-1/2"]
[WhiteElo "1982"]
[BlackElo "1870"]
[PlyCount "22"]
[EventDate "2023.10.08"]
[EventType "team-tourn"]
[EventRounds "9"]
[EventCountry "HUN"]
[Source "chess.hu"]
[WhiteTeam "Felegyhaza-Csongrad"]
[BlackTeam "Bekesszentandras-KuTE"]
[WhiteTeamCountry "HUN"]
[BlackTeamCountry "HUN"]

1. e4 c6 2. d4 d5 3. exd5 cxd5 4. Nc3 Nf6 5. Bb5+ Bd7 6. Bxd7+ Qxd7 7. Nf3 Nc6
8. O-O e6 9. Re1 Bb4 10. Bd2 Bxc3 11. Bxc3 Ne4 1/2-1/2

[Event "NB II. Toth Laszlo csoport"]
[Site "Bekesszentandras"]
[Date "2024.03.10"]
[Round "6.6"]
[White "Radics, Laszlo"]
[Black "Nagy, Noemi"]
[Result "1/2-1/2"]
[WhiteElo "1897"]
[BlackElo "1812"]
[PlyCount "64"]
[EventDate "2023.10.08"]
[EventType "team-tourn"]
[EventRounds "9"]
[EventCountry "HUN"]
[Source "chess.hu"]
[WhiteTeam "Bekesszentandras-KuTE"]
[BlackTeam "Felegyhaza-Csongrad"]
[WhiteTeamCountry "HUN"]
[BlackTeamCountry "HUN"]

1. e4 c6 2. d4 d5 3. Nc3 dxe4 4. Nxe4 Bf5 5. Ng3 Bg6 6. f4 e6 7. Nf3 Nf6 8. c3
Bd6 9. Bd3 Bxd3 10. Qxd3 Qc7 11. Ne2 Nd5 12. g3 Nd7 13. Bd2 N5f6 14. Ne5 Rd8
15. Qf3 Nd5 16. b4 f6 17. Qh5+ g6 18. Nxg6 hxg6 19. Qxh8+ Kf7 20. Qh7+ Kf8 21.
Qxg6 N7b6 22. c4 Nxc4 23. Qh6+ Ke8 24. Qh8+ Bf8 25. a3 Qf7 26. Ra2 Qg6 27. f5
Qxf5 28. Rf1 Qb1+ 29. Nc1 Qe4+ 30. Ne2 Qb1+ 31. Nc1 Qe4+ 32. Ne2 Qb1+ 1/2-1/2

[Event "NB II. Toth Laszlo csoport"]
[Site "Bekesszentandras"]
[Date "2024.03.10"]
[Round "6.7"]
[White "Hideg, Ferenc Bendeguz"]
[Black "Kovacs, Tibor T"]
[Result "1/2-1/2"]
[WhiteElo "1872"]
[BlackElo "1789"]
[PlyCount "36"]
[EventDate "2023.10.08"]
[EventType "team-tourn"]
[EventRounds "9"]
[EventCountry "HUN"]
[Source "chess.hu"]
[WhiteTeam "Felegyhaza-Csongrad"]
[BlackTeam "Bekesszentandras-KuTE"]
[WhiteTeamCountry "HUN"]
[BlackTeamCountry "HUN"]

1. d4 e6 2. c4 Nf6 3. Nc3 Bb4 4. Qc2 c5 5. dxc5 O-O 6. Nf3 Na6 7. a3 Bxc3+ 8.
Qxc3 Nxc5 9. e3 b6 10. Be2 Bb7 11. O-O d5 12. Rd1 Qe7 13. b4 Nce4 14. Qb3 dxc4
15. Bxc4 Rfd8 16. Bb2 Rxd1+ 17. Rxd1 Rd8 18. Rxd8+ Qxd8 1/2-1/2

[Event "NB II. Toth Laszlo csoport"]
[Site "Bekesszentandras"]
[Date "2024.03.10"]
[Round "6.8"]
[White "Aczel-Szabo, Csongor"]
[Black "Hideg, Istvan Benjamin"]
[Result "0-1"]
[WhiteElo "1690"]
[BlackElo "1836"]
[PlyCount "46"]
[EventDate "2023.10.08"]
[EventType "team-tourn"]
[EventRounds "9"]
[EventCountry "HUN"]
[Source "chess.hu"]
[WhiteTeam "Bekesszentandras-KuTE"]
[BlackTeam "Felegyhaza-Csongrad"]
[WhiteTeamCountry "HUN"]
[BlackTeamCountry "HUN"]

1. d4 Nf6 2. c4 c5 3. e3 e6 4. d5 exd5 5. cxd5 d6 6. Nc3 g6 7. b3 Bg7 8. Bb2
O-O 9. Bc4 a6 10. a4 Re8 11. Qd2 Nbd7 12. a5 Ne5 13. Be2 b5 14. axb6 Qxb6 15.
Qc2 Rb8 16. Ra3 c4 17. Na4 cxb3 18. Qd2 Qb4 19. Qxb4 Rxb4 20. Nc3 Bb7 21. Ra5
Nc4 22. Bxc4 Rxc4 23. Nge2 Nxd5 0-1

[Event "NB II. Toth Laszlo csoport"]
[Site "Bekesszentandras"]
[Date "2024.03.10"]
[Round "6.9"]
[White "Tanacs, Istvan"]
[Black "Szilagyi, Peter"]
[Result "1-0"]
[WhiteElo "1708"]
[BlackElo "1644"]
[PlyCount "111"]
[EventDate "2023.10.08"]
[EventType "team-tourn"]
[EventRounds "9"]
[EventCountry "HUN"]
[Source "chess.hu"]
[WhiteTeam "Felegyhaza-Csongrad"]
[BlackTeam "Bekesszentandras-KuTE"]
[WhiteTeamCountry "HUN"]
[BlackTeamCountry "HUN"]

1. b4 e6 2. Bb2 Nf6 3. b5 b6 4. e3 Bb7 5. Nf3 a6 6. a4 d6 7. c4 Be7 8. g3 Nbd7
9. Bg2 e5 10. d3 O-O 11. O-O Re8 12. e4 Nc5 13. Qc2 c6 14. bxc6 Bxc6 15. Nc3
Rc8 16. Ne1 Ne6 17. Ne2 Nd7 18. f4 f6 19. f5 Nec5 20. Nc3 Rb8 21. h4 b5 22.
axb5 axb5 23. cxb5 Bxb5 24. Ba3 Qb6 25. Kh2 Ra8 26. Bb2 Bxd3 27. Nxd3 Nxd3 28.
Rxa8 Rxa8 29. Qxd3 Qb7 30. Qd5+ Qxd5 31. Nxd5 Bd8 32. Bc3 h6 33. Bb4 Nc5 34.
Bxc5 dxc5 35. Rc1 Rc8 36. Bf1 Kh7 37. Kh3 Ba5 38. Ba6 Ra8 39. Bb5 Rc8 40. Bc4
Rb8 41. Be2 Bb4 42. Bh5 Kh8 43. Ra1 Rd8 44. Ra7 Rb8 45. Nc7 Rc8 46. Ne6 Rg8 47.
Rb7 Ba3 48. Rc7 Bb4 49. g4 Ba3 50. g5 hxg5 51. hxg5 Bc1 52. gxf6 gxf6 53. Bg6
Ra8 54. Kg4 Be3 55. Rf7 c4 56. Rc7 1-0